Escribe estas palabras correctamente 2 - Estadísticas

Estadísticas generales
  • Esta prueba ha sido intentada 15 veces
  • La puntuación promedio es 7 de 15
Estadísticas de respuestas
Palabra % Correcto
Begawan
83%
Picramnia
83%
Kujawiak
83%
Contestatario
83%
Pasagonzalos
75%
Tensegridades
67%
Cooperativismo
58%
Octavofinalistas
50%
Maníaco-depresivo
42%
Cigomaticomaxilar
25%
Antimeningocócico
17%
Antinorteamericanismo
17%
Perro
17%
Isquiofemoroperoneo
8%
Desaposesionaríamos
0%
No se encontraron pruebas coincidentes
Distribución de puntuación
Porcentaje de gente con cada puntuación
Porcentaje por número respondido
Historial de tus puntuaciones
No has intentado esta prueba.